000 00658cam a22002053a 4500
001 41702
003 PGUSA
005 20140828083936.0
008 121226s2012||||xxu|||||s|||||000 | eng d
040 _aPGUSA
_beng
042 _adc
100 1 _aDeam, Charles Clemon
245 1 0 _aTrees of Indiana :
_bFirst Revised Edition (Publication No. 13, Department of Conservation, State of Indiana)
_h[electronic resource] /
_cCharles Clemon Deam
260 _bProject Gutenberg,
_c2012
506 _aPublic domain in the USA.
516 _aElectronic text
830 0 _aProject Gutenberg
_v41702
856 4 0 _uhttp://www.gutenberg.org/ebooks/41702
942 _cEB
999 _c270954
_d270954